Caricamento...

Sociology of the teaching profession/

Dettagli Bibliografici
Altri autori: Satyapal Ruhela (ed.)
Natura: Printed Book
Pubblicazione: New Delhi: National council of Educational Research and Training, 1970.
Soggetti:
LEADER 00605nam a22001571a 4500
082 |a 371.102  |b SAT/S 
245 |a Sociology of the teaching profession/  |c by Satyapal Ruhela (ed.) 
260 |a New Delhi:  |b National council of Educational Research and Training,  |c 1970. 
300 |a 330p. 
650 |a Teaching Profession  |9 63082 
650 |a Education  |9 63083 
650 |a Social Sciences  |9 63084 
700 |a Satyapal Ruhela (ed.)  |9 63085 
942 |c BK 
999 |c 42980  |d 42980 
952 |0 0  |1 0  |4 0  |6 371_102000000000000_SAT_S  |7 0  |9 62217  |a SSUS  |b SSUS  |d 2015-01-08  |g 9.10  |o 371.102 SAT/S  |p 020053  |r 2015-02-25  |v 0.00  |w 2015-01-08  |y BK